| 000 | 00856cab a22001935a 4500 | ||
|---|---|---|---|
| 001 | L143581 | ||
| 008 | 080507e20080516xxkd f 000 0 eng d | ||
| 035 | _a(Sirsi) u143581 | ||
| 041 | 0 | _aeng | |
| 100 | 1 | _aMorrison, Doug | |
| 245 | 0 | 2 |
_aA costly lesson _bmarket watch 2008 part four |
| 260 | _c2008 | ||
| 490 | 0 |
_aProperty Week _v73(20), 16 May 2008, 54-55(2) |
|
| 520 | _aReports on the demise of Inside Track, offshoot of Instant Access Properties, the UK's largest property investment club and the circumstances surrounding it. Finds that there are lessons for the buy-to-let market. Suggests that government needs to look more closely at property investment clubs and that there is a need for better regulation. | ||
| 590 | _aKA | ||
| 651 | 4 |
_aUnited Kingdom _y |
|
| 690 | _aPROPERTY-COMMERCIAL PROPERTY-COMMERCIAL PROPERTY MARKET | ||
| 942 | _n0 | ||
| 999 |
_c80230 _d80230 |
||